[Event "27th Klatovy A 2019"]
[Site "Klatovy CZE"]
[Date "2019.07.02"]
[Round "4.36"]
[White "Cecil, Pavel"]
[Black "Novotny, Jaroslav2"]
[Result "1/2-1/2"]
[WhiteElo "1890"]
[BlackElo "1979"]
[PlyCount "29"]
[EventDate "2019.06.29"]
[EventType "swiss"]
[EventRounds "9"]
[EventCountry "CZE"]

1. d4 Nf6 2. c4 g6 3. Nc3 d6 4. e4 Bg7 5. Nf3 O-O 6. Be2 Nbd7 7. O-O c6 8. h3 e5 9. Be3 Qc7 10. Qc2 Rd8 11. Rfd1 Nh5 12. Bf1 exd4 13. Nxd4 Nc5 14. Rac1 Ne6 15. Nde2 1/2-1/2

[Event "27th Klatovy A 2019"]
[Site "Klatovy CZE"]
[Date "2019.07.02"]
[Round "4.37"]
[White "Lhotska, Anna"]
[Black "Pavlicek, Lukas"]
[Result "1/2-1/2"]
[WhiteElo "1884"]
[BlackElo "1962"]
[PlyCount "105"]
[EventDate "2019.06.29"]
[EventType "swiss"]
[EventRounds "9"]
[EventCountry "CZE"]

1. e4 e6 2. c4 c5 3. Nc3 Nc6 4. g3 g6 5. Bg2 Bg7 6. Nge2 Nge7 7. O-O O-O 8. d3 a6 9. Be3 Nd4 10. Qd2 Rb8 11. Bh6 b5 12. Bxg7 Kxg7 13. Nxd4 cxd4 14. Ne2 bxc4 15. dxc4 e5 16. Nc1 d6 17. Nd3 Qc7 18. Rac1 Bb7 19. c5 f5 20. Rfe1 fxe4 21. cxd6 Qxd6 22. Bxe4 Bxe4 23. Rxe4 Nc6 24. Rc5 Rfe8 25. Qc2 Nb4 26. Nxb4 Rxb4 27. Rc7+ Kh8 28. Qc5 Qxc5 29. Rxc5 Rxb2 30. Rcxe5 Rxe5 31. Rxe5 Rxa2 32. Rd5 Ra4 33. Rd7 a5 34. Kg2 Rb4 35. Kf3 a4 36. Ke4 Rb2 37. Rxd4 Rxf2 38. Rxa4 Rxh2 39. Ra7 Rf2 40. Ke3 Rf1 41. Rb7 Kg8 42. Ra7 Rf7 43. Ra5 h5 44. Ra4 Kg7 45. Rb4 g5 46. Ra4 Kg6 47. Rb4 g4 48. Ke2 Kg5 49. Ra4 Rf5 50. Ra8 Rf3 51. Ra5+ Kg6 52. Ra6+ Kf7 53. Ra7+ 1/2-1/2

[Event "27th Klatovy A 2019"]
[Site "Klatovy CZE"]
[Date "2019.07.02"]
[Round "4.38"]
[White "Novotny, David"]
[Black "Kovar, Petr"]
[Result "1/2-1/2"]
[WhiteElo "1788"]
[BlackElo "1909"]
[PlyCount "95"]
[EventDate "2019.06.29"]
[EventType "swiss"]
[EventRounds "9"]
[EventCountry "CZE"]

1. d4 d5 2. Bf4 Bf5 3. c4 dxc4 4. Nc3 Nf6 5. e3 e6 6. Bxc4 c6 7. Nf3 Nbd7 8. h3 Nb6 9. Bb3 Nbd5 10. Bxd5 Nxd5 11. Nxd5 exd5 12. O-O Be7 13. Rc1 O-O 14. a3 Qb6 15. Qe2 a5 16. Rfd1 Rfe8 17. Ne5 f6 18. Nd3 Qb5 19. Rc3 Rac8 20. Qd2 Red8 21. Nc5 a4 22. b4 b6 23. Nd3 Bxd3 24. Rxd3 Kf7 25. Rc1 g6 26. Qd1 Bd6 27. Bxd6 Rxd6 28. Rdc3 Rc7 29. Qf3 Re7 30. Qf4 Ree6 31. h4 Qe2 32. R3c2 Qd3 33. Rc3 Qe2 34. g3 Kg7 35. Kg2 h5 36. R1c2 Qg4 37. Qxg4 hxg4 38. b5 cxb5 39. Rc7+ Kf8 40. Rb2 Rc6 41. Rxc6 Rxc6 42. Rxb5 Ke7 43. Rb4 Rc4 44. Rxb6 Rc3 45. Rb7+ Ke6 46. Rg7 Kf5 47. Rd7 Ke6 48. Rg7 1/2-1/2

[Event "27th Klatovy A 2019"]
[Site "Klatovy CZE"]
[Date "2019.07.02"]
[Round "4.39"]
[White "Skopec, Lubos"]
[Black "Danko, Jiri"]
[Result "0-1"]
[WhiteElo "1907"]
[BlackElo "1881"]
[PlyCount "102"]
[EventDate "2019.06.29"]
[EventType "swiss"]
[EventRounds "9"]
[EventCountry "CZE"]

1. e4 e5 2. Nf3 Nc6 3. c3 d5 4. Bb5 dxe4 5. Nxe5 Qd5 6. Bxc6+ bxc6 7. d4 exd3 8. O-O Be6 9. Qa4 Ne7 10. Bf4 g5 11. Bg3 Bg7 12. Nf3 O-O 13. Nbd2 g4 14. Nd4 Bd7 15. Rfe1 Rfe8 16. Qa6 Rab8 17. N4b3 c5 18. Bxc7 Bc6 19. f3 Rb7 20. Bg3 gxf3 21. Nxf3 Rd7 22. Qa5 c4 23. Qxd5 Bxd5 24. Nbd4 Rc8 25. Bf4 Ng6 26. Bd2 Rb7 27. b3 Bxf3 28. gxf3 Bxd4+ 29. cxd4 c3 30. Bxc3 Rxc3 31. Re3 Rd7 32. Rd1 Rxd4 33. Rd2 Nf4 34. Kf2 Ne6 35. Re4 Rc2 36. Ke3 Rxd2 37. Kxd2 Rxe4 38. fxe4 Nc5 39. b4 Nxe4+ 40. Kxd3 Nd6 41. a4 f5 42. Kd4 Kf8 43. Ke5 Ke8 44. Kxd6 f4 45. Kc7 f3 46. b5 f2 47. Kb7 f1=Q 48. Kxa7 Qa1 49. b6 Qxa4+ 50. Kb8 Qf4+ 51. Ka7 Qxh2 0-1

[Event "27th Klatovy A 2019"]
[Site "Klatovy CZE"]
[Date "2019.07.02"]
[Round "4.40"]
[White "Sterba, Karel"]
[Black "Hlavac, Rudolf"]
[Result "1/2-1/2"]
[WhiteElo "1864"]
[BlackElo "1990"]
[PlyCount "61"]
[EventDate "2019.06.29"]
[EventType "swiss"]
[EventRounds "9"]
[EventCountry "CZE"]

1. e4 c5 2. Nf3 Nc6 3. c3 d5 4. e5 d4 5. d3 g6 6. Bf4 Bg7 7. Qe2 Bg4 8. Nbd2 Qa5 9. Nc4 Qd8 10. h3 Be6 11. Ncd2 Bh6 12. Bxh6 Nxh6 13. g3 O-O 14. Bg2 Qd7 15. Ne4 dxc3 16. Nxc5 cxb2 17. Qxb2 Qd5 18. Nxe6 Qxe6 19. O-O b6 20. Ng5 Qd7 21. e6 Qd6 22. exf7+ Nxf7 23. Nxf7 Rxf7 24. Qb5 Nd4 25. Qc4 Rd8 26. Rae1 Kg7 27. Re4 h5 28. Rfe1 Rd7 29. Qc3 Kh7 30. Qc4 Kg7 31. Qc3 1/2-1/2

[Event "27th Klatovy A 2019"]
[Site "Klatovy CZE"]
[Date "2019.07.02"]
[Round "4.41"]
[White "Hacaperka, Michal"]
[Black "Stankova, Zuzana 1986"]
[Result "1/2-1/2"]
[WhiteElo "1865"]
[BlackElo "1677"]
[PlyCount "57"]
[EventDate "2019.06.29"]
[EventType "swiss"]
[EventRounds "9"]
[EventCountry "CZE"]

1. e4 c5 2. Nc3 e6 3. f4 Nc6 4. Nf3 Nge7 5. d3 d5 6. e5 a6 7. a4 b6 8. g3 Bb7 9. Bg2 Nf5 10. O-O Be7 11. g4 Nfd4 12. Nxd4 Nxd4 13. Nb1 Qc7 14. c3 Nc6 15. Qe2 b5 16. axb5 axb5 17. Rxa8+ Bxa8 18. Nd2 O-O 19. Nf3 d4 20. f5 exf5 21. gxf5 f6 22. e6 dxc3 23. bxc3 Bd6 24. Bh3 Ne5 25. Nd2 b4 26. cxb4 cxb4 27. d4 Nc6 28. Nb3 Ne7 29. Bb2 1/2-1/2

[Event "27th Klatovy A 2019"]
[Site "Klatovy CZE"]
[Date "2019.07.03"]
[Round "5.1"]
[White "Rubes, Jan"]
[Black "Kotal, Vaclav"]
[Result "1/2-1/2"]
[WhiteElo "2352"]
[BlackElo "2205"]
[PlyCount "166"]
[EventDate "2019.06.29"]
[EventType "swiss"]
[EventRounds "9"]
[EventCountry "CZE"]

1. c4 e5 2. g3 Nf6 3. Bg2 d5 4. cxd5 Nxd5 5. Nf3 Nc6 6. O-O Nb6 7. Nc3 Be7 8. Rb1 a5 9. a3 a4 10. d3 Be6 11. Be3 Bb3 12. Qc1 Nd5 13. Nxd5 Bxd5 14. Nd2 O-O 15. Bxd5 Qxd5 16. Qc4 Qxc4 17. Nxc4 b5 18. Nd2 Nd4 19. Bxd4 exd4 20. Rfc1 c5 21. Rc2 Rfb8 22. Ne4 b4 23. Ra1 bxa3 24. bxa3 Rb5 25. Nd2 f5 26. Raa2 Rab8 27. Kg2 Kf7 28. Nc4 Ke6 29. Rab2 Rb3 30. Kf1 Kd5 31. Ke1 Bd8 32. Kd1 Kc6 33. Rxb3 Rxb3 34. Rb2 Rxb2 35. Nxb2 Kb5 36. Nc4 Bc7 37. e3 dxe3 38. fxe3 h5 39. Ke2 g6 40. Kf3 h4 41. Kg2 hxg3 42. hxg3 Kc6 43. Kf3 Kd5 44. Nb2 g5 45. Nxa4 c4 46. Nc3+ Kc5 47. d4+ Kc6 48. g4 f4 49. exf4 Bxf4 50. Ke4 Bd2 51. Ne2 Kb5 52. d5 Kc5 53. d6 Kxd6 54. Kd4 Ba5 55. Nc3 Bd8 56. a4 Ke6 57. Ne4 c3 58. Nxc3 Bf6+ 59. Kd3 Ke5 60. Ke3 Bd8 61. Ne4 Bb6+ 62. Kf3 Bd8 63. Nd2 Kd5 64. Ke3 Kc5 65. Ke4 Kb4 66. Kf5 Kxa4 67. Ne4 Kb5 68. Nxg5 Kc6 69. Nf7 Bh4 70. Ke6 Kc7 71. Ne5 Kc8 72. Ng6 Bg5 73. Kf5 Bd8 74. Ne5 Bh4 75. Ke6 Bd8 76. Nf7 Bh4 77. Nh6 Bd8 78. Kf7 Kd7 79. Ng8 Bg5 80. Kg6 Bc1 81. Kf7 Kd8 82. Nf6 Bd2 83. g5 Bxg5 1/2-1/2

[Event "27th Klatovy A 2019"]
[Site "Klatovy CZE"]
[Date "2019.07.03"]
[Round "5.2"]
[White "Sprenar, Petr"]
[Black "Havelka, Josef"]
[Result "1/2-1/2"]
[WhiteElo "2320"]
[BlackElo "2342"]
[PlyCount "51"]
[EventDate "2019.06.29"]
[EventType "swiss"]
[EventRounds "9"]
[EventCountry "CZE"]

1. d4 Nf6 2. c4 c5 3. d5 e6 4. Nc3 exd5 5. cxd5 d6 6. Nf3 g6 7. g3 Bg7 8. Bg2 O-O 9. O-O Re8 10. Bf4 a6 11. a4 Ne4 12. Nxe4 Rxe4 13. Nd2 Rb4 14. a5 b5 15. axb6 a5 16. Ra4 Rxb6 17. Nc4 Rba6 18. Qc2 Bd7 19. Ra2 Bf8 20. Rfa1 Bb5 21. Bd2 a4 22. Bf3 Bg7 23. Na3 Be8 24. e4 R6a7 25. Be2 Na6 26. Bxa6 1/2-1/2

[Event "27th Klatovy A 2019"]
[Site "Klatovy CZE"]
[Date "2019.07.03"]
[Round "5.3"]
[White "Kopta, Pavel"]
[Black "Neuman, Petr"]
[Result "1/2-1/2"]
[WhiteElo "2227"]
[BlackElo "2395"]
[PlyCount "38"]
[EventDate "2019.06.29"]
[EventType "swiss"]
[EventRounds "9"]
[EventCountry "CZE"]

1. d4 d5 2. c4 e6 3. Nc3 c6 4. cxd5 exd5 5. Nf3 Bd6 6. Bg5 Ne7 7. e3 Bf5 8. Bd3 Bxd3 9. Qxd3 O-O 10. O-O Nd7 11. Rad1 Nb6 12. Rfe1 f6 13. Bh4 Qd7 14. Bg3 Bb4 15. Nd2 Nf5 16. e4 Nxg3 17. Qxg3 Rae8 18. a3 Bd6 19. Qf3 Qf7 1/2-1/2

[Event "27th Klatovy A 2019"]
[Site "Klatovy CZE"]
[Date "2019.07.03"]
[Round "5.4"]
[White "Vorisek, Jaroslav"]
[Black "Dolezal, Radoslav Jr"]
[Result "1/2-1/2"]
[WhiteElo "2241"]
[BlackElo "2374"]
[PlyCount "26"]
[EventDate "2019.06.29"]
[EventType "swiss"]
[EventRounds "9"]
[EventCountry "CZE"]

1. d4 Nf6 2. c4 e6 3. g3 Bb4+ 4. Bd2 Qe7 5. Nf3 Bxd2+ 6. Qxd2 O-O 7. Nc3 d6 8. Bg2 e5 9. O-O Re8 10. e4 Bg4 11. Ne1 exd4 12. Qxd4 Nc6 13. Qd2 Qd7 1/2-1/2

[Event "27th Klatovy A 2019"]
[Site "Klatovy CZE"]
[Date "2019.07.03"]
[Round "5.5"]
[White "Eret, Matous"]
[Black "Hausner, Ivan"]
[Result "1/2-1/2"]
[WhiteElo "2205"]
[BlackElo "2370"]
[PlyCount "121"]
[EventDate "2019.06.29"]
[EventType "swiss"]
[EventRounds "9"]
[EventCountry "CZE"]

1. e4 c5 2. Nf3 d6 3. d4 cxd4 4. Qxd4 Bd7 5. Bg5 Nc6 6. Qd2 Nf6 7. Nc3 a6 8. Bd3 e6 9. O-O Be7 10. h3 Qc7 11. Rfe1 O-O 12. Rad1 Rad8 13. Bf1 Rfe8 14. Bf4 Ne5 15. Nd4 b5 16. a3 Qb7 17. Bxe5 dxe5 18. Nf3 Bc6 19. Qe3 Qc7 20. g3 Bb7 21. Bg2 h6 22. Rd3 Nd7 23. Red1 Nc5 24. Rxd8 Rxd8 25. Ne1 Rxd1 26. Nxd1 Na4 27. c3 Qc4 28. Qd3 Qc6 29. Qc2 Nc5 30. Nd3 Nd7 31. Ne3 Bg5 32. Ng4 Qd6 33. h4 Bd8 34. Qe2 Bb6 35. Kh2 Ba7 36. f4 exf4 37. gxf4 Qe7 38. Qe1 h5 39. Nge5 Nf6 40. Kh3 Qd8 41. Qe2 Qa8 42. Nf2 Bxf2 43. Qxf2 Bxe4 44. Bxe4 Qxe4 45. Qf3 Qf5+ 46. Kg3 Nd5 47. b3 f6 48. Nc6 Qg6+ 49. Kh3 Qc2 50. Nd4 Qxc3 51. Qxc3 Nxc3 52. Nxe6 Kf7 53. f5 g5 54. hxg5 fxg5 55. Nxg5+ Kf6 56. Ne6 Kxf5 57. Nc5 a5 58. Nb7 a4 59. bxa4 bxa4 60. Nc5 Kg5 61. Ne6+ 1/2-1/2

[Event "27th Klatovy A 2019"]
[Site "Klatovy CZE"]
[Date "2019.07.03"]
[Round "5.6"]
[White "Zeman, Matyas"]
[Black "Michalek, Jan 1969"]
[Result "1/2-1/2"]
[WhiteElo "2275"]
[BlackElo "2230"]
[PlyCount "22"]
[EventDate "2019.06.29"]
[EventType "swiss"]
[EventRounds "9"]
[EventCountry "CZE"]

1. d4 Nf6 2. Nf3 g6 3. Nbd2 d5 4. e3 Bg7 5. b4 O-O 6. Bb2 c6 7. c4 Re8 8. Be2 Nbd7 9. O-O b6 10. Qb3 e6 11. Rfc1 Bb7 1/2-1/2

[Event "27th Klatovy A 2019"]
[Site "Klatovy CZE"]
[Date "2019.07.03"]
[Round "5.7"]
[White "Jurek, Josef"]
[Black "Brejnik, Gustav"]
[Result "1/2-1/2"]
[WhiteElo "2247"]
[BlackElo "2114"]
[PlyCount "97"]
[EventDate "2019.06.29"]
[EventType "swiss"]
[EventRounds "9"]
[EventCountry "CZE"]

1. Nf3 Nf6 2. g3 e6 3. Bg2 d5 4. O-O Be7 5. d3 O-O 6. Nbd2 b6 7. e4 c5 8. e5 Nfd7 9. Re1 Qc7 10. Nf1 Nc6 11. Bf4 Bb7 12. h4 Nd4 13. Nxd4 cxd4 14. Qg4 Rfc8 15. Re2 Nc5 16. b3 Nd7 17. Nh2 Qc3 18. Rb1 a5 19. Bc1 a4 20. Bb2 Qc7 21. Nf3 axb3 22. axb3 Ra2 23. Qxd4 Qb8 24. Qf4 Qa8 25. Kh2 Nc5 26. Ne1 Na6 27. Bd4 Nb4 28. Rb2 Rxb2 29. Bxb2 Qa2 30. Qc1 Qa6 31. Bf3 Qb5 32. Qd2 Ra8 33. c4 Qd7 34. Bc3 Ra2 35. Qf4 dxc4 36. dxc4 Nd3 37. Nxd3 Qxd3 38. Rxa2 Bxf3 39. Qe3 Qf5 40. Rd2 g5 41. Rd7 Kf8 42. Rxe7 gxh4 43. Qh6+ Kxe7 44. Qxh4+ Kd7 45. Qd4+ Kc6 46. Qd6+ Kb7 47. Qd7+ Ka6 48. Qa4+ Kb7 49. Qd7+ 1/2-1/2

[Event "27th Klatovy A 2019"]
[Site "Klatovy CZE"]
[Date "2019.07.03"]
[Round "5.8"]
[White "Slovak, Kilian"]
[Black "Vanduyfhuys, Daria"]
[Result "0-1"]
[WhiteElo "2242"]
[BlackElo "2078"]
[PlyCount "120"]
[EventDate "2019.06.29"]
[EventType "swiss"]
[EventRounds "9"]
[EventCountry "CZE"]

1. e4 c5 2. Nf3 Nc6 3. d4 cxd4 4. Nxd4 e5 5. Nb5 d6 6. N1c3 a6 7. Na3 Be7 8. Be3 Nf6 9. Nc4 Be6 10. Nb6 Rb8 11. Be2 O-O 12. O-O Nxe4 13. Nxe4 f5 14. Bc4 Bxc4 15. Nxc4 fxe4 16. Qd5+ Kh8 17. Rad1 Nb4 18. Qxe4 Qc7 19. c3 Nc6 20. Nb6 Bf6 21. Rd3 Ne7 22. Rfd1 Rbd8 23. Nd5 Nxd5 24. Rxd5 Be7 25. c4 Rc8 26. b3 Qc6 27. Qd3 Kg8 28. h3 Rf7 29. a4 Rcf8 30. Qe2 Qc8 31. Qg4 Qc7 32. Qe6 Kh8 33. R1d2 Rf6 34. Qg4 R6f7 35. Qd1 Kg8 36. Qg4 Kh8 37. Qe4 Kg8 38. c5 dxc5 39. Qxe5 Qxe5 40. Rxe5 b6 41. Re6 Bd8 42. a5 Rb7 43. Red6 Rb8 44. axb6 Bxb6 45. b4 Rfc8 46. Rc2 Bc7 47. Rxa6 cxb4 48. Kf1 b3 49. Rb2 Be5 50. Rb1 b2 51. Ke2 Rc2+ 52. Kd1 Rc4 53. Rb6 Rd8+ 54. Ke2 Rc2+ 55. Kf3 Ra8 56. Rd1 Ra1 57. Rd5 Bc7 58. Rxb2 Rxb2 59. Bd4 Ra3+ 60. Kg4 Rd2 0-1

[Event "27th Klatovy A 2019"]
[Site "Klatovy CZE"]
[Date "2019.07.03"]
[Round "5.9"]
[White "Dvorak, Jan"]
[Black "Vyprachticky, David"]
[Result "1/2-1/2"]
[WhiteElo "2141"]
[BlackElo "2312"]
[PlyCount "82"]
[EventDate "2019.06.29"]
[EventType "swiss"]
[EventRounds "9"]
[EventCountry "CZE"]

1. d4 Nf6 2. c4 e6 3. Nc3 Bb4 4. Nf3 c5 5. g3 Ne4 6. Qd3 cxd4 7. Nxd4 Qa5 8. Nb3 Nxc3 9. Nxa5 Ne4+ 10. Bd2 Bxd2+ 11. Qxd2 Nxd2 12. Kxd2 Nc6 13. Nb3 b6 14. Bg2 Bb7 15. Rhd1 O-O-O 16. Ke1 d6 17. Rac1 Kc7 18. Kf1 a5 19. Nd4 Nxd4 20. Rxd4 Bxg2+ 21. Kxg2 Rd7 22. Kf3 Rb8 23. e3 Kd8 24. Rc3 Ke7 25. Rb3 Rc7 26. Ke2 e5 27. Rd5 Rxc4 28. Rxa5 Rc2+ 29. Kf3 Rd2 30. Ra7+ Ke6 31. Rc7 h5 32. e4 Rd4 33. Ke3 g5 34. f4 gxf4+ 35. gxf4 f5 36. exf5+ Kxf5 37. fxe5 dxe5 38. Rf7+ Kg6 39. Re7 Kf5 40. Rf7+ Kg6 41. Re7 Kf5 1/2-1/2

[Event "27th Klatovy A 2019"]
[Site "Klatovy CZE"]
[Date "2019.07.03"]
[Round "5.10"]
[White "Jelinek, Michal"]
[Black "Mejzlik, Ondrej"]
[Result "0-1"]
[WhiteElo "2108"]
[BlackElo "2302"]
[PlyCount "84"]
[EventDate "2019.06.29"]
[EventType "swiss"]
[EventRounds "9"]
[EventCountry "CZE"]

1. e4 c6 2. d4 d5 3. e5 Bf5 4. h4 h5 5. c4 e6 6. Nc3 dxc4 7. Bxc4 Nd7 8. Nge2 Nb6 9. Bb3 Be7 10. Ng3 Bg6 11. Nce4 Nh6 12. Bg5 Bxe4 13. Nxe4 Nf5 14. Rh3 Qxd4 15. Qxd4 Nxd4 16. Bxe7 Kxe7 17. Nc5 Rab8 18. Rd3 Nf5 19. g3 Rhd8 20. Rxd8 Kxd8 21. Rd1+ Nd5 22. Rd3 b6 23. Na6 Rc8 24. Nb4 Ke7 25. Nxd5+ exd5 26. Bd1 g6 27. Bb3 Ke6 28. f4 Rd8 29. Kf2 c5 30. Rd2 b5 31. a3 c4 32. Bd1 a5 33. Bf3 b4 34. axb4 axb4 35. Rd1 d4 36. Ra1 c3 37. bxc3 dxc3 38. Ra6+ Ke7 39. Be4 b3 40. Ra7+ Kf8 41. Rc7 c2 42. Rc3 b2 0-1

[Event "27th Klatovy A 2019"]
[Site "Klatovy CZE"]
[Date "2019.07.03"]
[Round "5.11"]
[White "Vevera, Radek"]
[Black "Hollan, Petr"]
[Result "0-1"]
[WhiteElo "2066"]
[BlackElo "2261"]
[PlyCount "64"]
[EventDate "2019.06.29"]
[EventType "swiss"]
[EventRounds "9"]
[EventCountry "CZE"]

1. e4 e6 2. d4 d5 3. Nc3 Bb4 4. e5 c5 5. a3 Ba5 6. Qg4 Kf8 7. Nf3 cxd4 8. b4 Bb6 9. Nb5 Ne7 10. Bd3 Nbc6 11. Bb2 Ng6 12. Qg3 a6 13. Nbxd4 Nxd4 14. Nxd4 Qh4 15. Ne2 Bd7 16. O-O Qxg3 17. hxg3 Rc8 18. Rfe1 Ke7 19. Bd4 Bxd4 20. Nxd4 Ba4 21. f4 Nf8 22. Kf2 Nd7 23. Ke3 Nb6 24. Kd2 h5 25. Rh1 g6 26. Rh4 Rhg8 27. Rh2 Rc7 28. Rc1 Rgc8 29. c3 Be8 30. g4 hxg4 31. Bxg6 fxg6 32. Rh7+ Bf7 0-1

[Event "27th Klatovy A 2019"]
[Site "Klatovy CZE"]
[Date "2019.07.03"]
[Round "5.12"]
[White "Kupsa, Matej 2001"]
[Black "Simet, Martin"]
[Result "0-1"]
[WhiteElo "1929"]
[BlackElo "2244"]
[PlyCount "60"]
[EventDate "2019.06.29"]
[EventType "swiss"]
[EventRounds "9"]
[EventCountry "CZE"]

1. d4 Nf6 2. Nc3 d6 3. e4 e5 4. dxe5 dxe5 5. Qxd8+ Kxd8 6. Bc4 Be6 7. Bxe6 fxe6 8. Bg5 Bd6 9. O-O-O a6 10. Nge2 h6 11. Bh4 Nbd7 12. f3 b5 13. Nb1 Ke7 14. b3 a5 15. c3 b4 16. Kb2 Rhb8 17. c4 a4 18. Bf2 Ra6 19. Be3 Rba8 20. Nc1 Nc5 21. Bd2 axb3 22. axb3 Nfd7 23. Bxb4 Na4+ 24. bxa4 Bxb4 25. Nc3 Nb6 26. Kb3 Bxc3 27. Kxc3 Rxa4 28. Rd2 Rxc4+ 29. Kd3 Ra3+ 30. Ke2 Ra1 0-1

[Event "27th Klatovy A 2019"]
[Site "Klatovy CZE"]
[Date "2019.07.03"]
[Round "5.13"]
[White "Krivanek, Vladimir"]
[Black "Finek, Vaclav"]
[Result "1/2-1/2"]
[WhiteElo "2166"]
[BlackElo "2043"]
[PlyCount "50"]
[EventDate "2019.06.29"]
[EventType "swiss"]
[EventRounds "9"]
[EventCountry "CZE"]

1. d4 d5 2. Nf3 Nf6 3. g3 b5 4. Bg2 e6 5. O-O Bd6 6. a4 b4 7. c4 bxc3 8. bxc3 O-O 9. c4 c6 10. Nbd2 Na6 11. Re1 Bb7 12. c5 Bc7 13. Rb1 Rb8 14. Bf1 e5 15. e4 Qc8 16. dxe5 Nxe4 17. Rxe4 dxe4 18. Nxe4 Qg4 19. Bf4 Rfd8 20. Bd3 Bc8 21. Rxb8 Bxb8 22. h3 Qh5 23. Nf6+ gxf6 24. Bxh7+ Kxh7 25. Qxd8 Qxh3 1/2-1/2

[Event "27th Klatovy A 2019"]
[Site "Klatovy CZE"]
[Date "2019.07.03"]
[Round "5.14"]
[White "Bartos, Jan"]
[Black "Dvorakova, Olga"]
[Result "1-0"]
[WhiteElo "2157"]
[BlackElo "1763"]
[PlyCount "143"]
[EventDate "2019.06.29"]
[EventType "swiss"]
[EventRounds "9"]
[EventCountry "CZE"]

1. d4 Nf6 2. Nf3 e6 3. e3 b6 4. Bd3 Bb7 5. O-O Be7 6. c4 O-O 7. Nc3 d5 8. cxd5 exd5 9. b3 Nbd7 10. Bb2 Ne4 11. Qc2 Ndf6 12. Ne2 Rc8 13. Rac1 c5 14. Qb1 Bd6 15. dxc5 bxc5 16. Ng3 Nxg3 17. hxg3 h6 18. Rfd1 Re8 19. Bb5 Re6 20. Bd3 Re8 21. Bf5 Rb8 22. Qa1 Be7 23. Ne5 Qb6 24. Rd2 Bc8 25. Bxc8 Rbxc8 26. Rdc2 Bf8 27. Nd3 Ne4 28. Nf4 Rcd8 29. Rd1 Qb7 30. Rd3 Rd7 31. Rc1 Rb8 32. Be5 Rbd8 33. Ne2 Qb5 34. Qb1 Rb7 35. Qc2 a5 36. Nf4 Rbd7 37. Rxd5 Rxd5 38. Nxd5 Rxd5 39. Qxe4 Rd2 40. Rc2 Qe2 41. Rxd2 Qxd2 42. Qb1 Qb4 43. Qa1 a4 44. Qc3 Qg4 45. Qc2 axb3 46. axb3 Qd7 47. Bb2 Qd5 48. e4 Qd7 49. Bc1 Qb5 50. Be3 Qa5 51. Qd2 Qa1+ 52. Kh2 Qa8 53. Qd5 Qc8 54. f4 Qe6 55. Qxe6 fxe6 56. g4 Kf7 57. Kg3 Be7 58. Kf3 Ke8 59. Ke2 Kd7 60. Kd3 Kc6 61. Kc4 Bf8 62. f5 exf5 63. gxf5 Bd6 64. g4 Bf8 65. Bd2 Bd6 66. Bc3 Bf8 67. Be5 Be7 68. Bxg7 Bg5 69. f6 Kd6 70. f7 Be7 71. f8=Q Bxf8 72. Bxf8+ 1-0

[Event "27th Klatovy A 2019"]
[Site "Klatovy CZE"]
[Date "2019.07.03"]
[Round "5.15"]
[White "Kozak, Milos"]
[Black "Hlozek, David"]
[Result "1/2-1/2"]
[WhiteElo "2165"]
[BlackElo "1901"]
[PlyCount "51"]
[EventDate "2019.06.29"]
[EventType "swiss"]
[EventRounds "9"]
[EventCountry "CZE"]

1. c4 e5 2. g3 Nf6 3. Bg2 c6 4. Nf3 e4 5. Nd4 d5 6. d3 exd3 7. Qxd3 dxc4 8. Qxc4 Nbd7 9. O-O Nb6 10. Qd3 Be7 11. Rd1 O-O 12. Nc3 Nbd5 13. Nxd5 Nxd5 14. a3 Bf6 15. Qb3 Qe7 16. e4 Nb6 17. Be3 c5 18. Nf5 Qc7 19. Qc2 c4 20. Bd4 Bxd4 21. Rxd4 Be6 22. Rad1 Rfd8 23. Qd2 Rd7 24. Rxd7 Qxd7 25. Qxd7 Nxd7 26. Nd6 1/2-1/2

[Event "27th Klatovy A 2019"]
[Site "Klatovy CZE"]
[Date "2019.07.03"]
[Round "5.16"]
[White "Stross, Frantisek"]
[Black "Hak, David"]
[Result "1-0"]
[WhiteElo "2312"]
[BlackElo "1980"]
[PlyCount "99"]
[EventDate "2019.06.29"]
[EventType "swiss"]
[EventRounds "9"]
[EventCountry "CZE"]

1. e4 e6 2. d4 d5 3. Nc3 Bb4 4. e5 c5 5. Bd2 cxd4 6. Nb5 Bc5 7. Qg4 Kf8 8. Nf3 Nc6 9. Nbxd4 Bxd4 10. Nxd4 Nxe5 11. Qg3 f6 12. f4 Nc6 13. O-O-O Nxd4 14. Bb4+ Kf7 15. Rxd4 Ne7 16. Rd2 Nc6 17. Ba3 Qb6 18. Be2 Nd4 19. Bh5+ g6 20. Rxd4 Qxd4 21. f5 Qe5 22. fxg6+ Kg7 23. Qxe5 fxe5 24. Bd6 hxg6 25. Bxe5+ Kh6 26. Bxg6 Rf8 27. Bd3 Bd7 28. g4 a6 29. h4 Bb5 30. g5+ Kh5 31. Bh7 Be8 32. Bd3 Bb5 33. Bh7 Be8 34. Bf6 Bg6 35. Bxg6+ Kxg6 36. h5+ Kh7 37. Kd2 Rxf6 38. gxf6 Rf8 39. Rf1 Kh6 40. Kd3 Kxh5 41. Kd4 Kg6 42. Ke5 Kf7 43. Rg1 Rc8 44. Rg7+ Kf8 45. c3 b5 46. Kxe6 Rc6+ 47. Ke5 Ke8 48. Ra7 Rb6 49. f7+ Kf8 50. Kxd5 1-0

[Event "27th Klatovy A 2019"]
[Site "Klatovy CZE"]
[Date "2019.07.03"]
[Round "5.17"]
[White "Vedral, Oldrich"]
[Black "Novy, Daniel"]
[Result "1-0"]
[WhiteElo "2250"]
[BlackElo "1955"]
[PlyCount "47"]
[EventDate "2019.06.29"]
[EventType "swiss"]
[EventRounds "9"]
[EventCountry "CZE"]

1. e4 c5 2. Nf3 e6 3. d4 cxd4 4. Nxd4 a6 5. Bd3 Nc6 6. Be3 Nf6 7. O-O Qc7 8. Nc3 h5 9. h3 b5 10. Qd2 Bb7 11. a3 Rc8 12. Rae1 b4 13. axb4 Bxb4 14. Qe2 Bd6 15. Bxa6 Be5 16. Ndb5 Qb8 17. Bxb7 Qxb7 18. f4 Bb8 19. e5 Nd5 20. Nxd5 exd5 21. Bc5 Rh6 22. Nd6+ Bxd6 23. exd6+ Kf8 24. c3 1-0

[Event "27th Klatovy A 2019"]
[Site "Klatovy CZE"]
[Date "2019.07.03"]
[Round "5.18"]
[White "Ondrejat, Miroslav"]
[Black "Furman, Boris"]
[Result "0-1"]
[WhiteElo "1948"]
[BlackElo "2144"]
[PlyCount "62"]
[EventDate "2019.06.29"]
[EventType "swiss"]
[EventRounds "9"]
[EventCountry "CZE"]

1. Nf3 d5 2. b3 Nf6 3. Bb2 e6 4. e3 c5 5. Be2 Nc6 6. O-O Bd6 7. d4 b6 8. Ne5 Bb7 9. Nd2 O-O 10. f4 Nd7 11. Rf3 f6 12. Nxd7 Qxd7 13. Bb5 a6 14. Bxc6 Bxc6 15. Rh3 Qf7 16. Nf3 Bd7 17. g4 Rac8 18. dxc5 bxc5 19. Qd3 Qg6 20. Qxg6 hxg6 21. Nh4 Kf7 22. f5 gxf5 23. gxf5 exf5 24. Rf3 g6 25. Ng2 g5 26. Rd1 Ke6 27. c4 dxc4 28. bxc4 Bc6 29. Rf2 Rcd8 30. Rfd2 Rh8 31. Ne1 Rh4 0-1

[Event "27th Klatovy A 2019"]
[Site "Klatovy CZE"]
[Date "2019.07.03"]
[Round "5.19"]
[White "Pribyl, Viktor"]
[Black "Chmel, Kristian"]
[Result "0-1"]
[WhiteElo "1933"]
[BlackElo "2102"]
[PlyCount "64"]
[EventDate "2019.06.29"]
[EventType "swiss"]
[EventRounds "9"]
[EventCountry "CZE"]

1. e4 e5 2. Nf3 Nc6 3. d4 exd4 4. Nxd4 Nf6 5. Nxc6 bxc6 6. e5 Qe7 7. Qe2 Nd5 8. c4 Nb6 9. Nd2 a5 10. b3 a4 11. Bb2 axb3 12. axb3 Rxa1+ 13. Bxa1 Qa3 14. Qd1 Bb4 15. Bd3 Qa2 16. Bc2 Qa5 17. Bd4 O-O 18. f4 d5 19. Be3 Ba6 20. O-O d4 21. Bxh7+ Kxh7 22. Qh5+ Kg8 23. Ne4 f6 24. Bxd4 Nxc4 25. bxc4 Bxc4 26. Ra1 Qd5 27. Nxf6+ Rxf6 28. Bb2 Rxf4 29. Rd1 Bc5+ 30. Kh1 Qxd1+ 31. Qxd1 Rf1+ 32. Qxf1 Bxf1 0-1

[Event "27th Klatovy A 2019"]
[Site "Klatovy CZE"]
[Date "2019.07.03"]
[Round "5.20"]
[White "Holy, Filip"]
[Black "Janous, Marek"]
[Result "1-0"]
[WhiteElo "2088"]
[BlackElo "1777"]
[PlyCount "89"]
[EventDate "2019.06.29"]
[EventType "swiss"]
[EventRounds "9"]
[EventCountry "CZE"]

1. d4 Nf6 2. Nf3 g6 3. c3 Bg7 4. Bf4 c5 5. e3 O-O 6. h3 cxd4 7. exd4 d5 8. Bd3 Nc6 9. Nbd2 Bd7 10. O-O Rc8 11. Re1 e6 12. Ne5 Qb6 13. Rb1 a6 14. Ndf3 Na5 15. Qc1 Bb5 16. Bc2 Nc4 17. Bh6 Rfd8 18. Qf4 Qc7 19. Qh4 Nxe5 20. dxe5 Nd7 21. Bf4 Nc5 22. Bg5 Re8 23. Re3 Nd7 24. a4 Bc6 25. Rbe1 b5 26. axb5 Bxb5 27. Bf4 Nc5 28. Nh2 Qd8 29. Bg5 Qc7 30. Ng4 Nd7 31. Nh6+ Bxh6 32. Qxh6 Qc5 33. Rf3 Qf8 34. Qh4 Rc4 35. Qg3 Bc6 36. Rf4 Rxf4 37. Qxf4 Nc5 38. Re3 Ne4 39. Bxe4 dxe4 40. Qh4 a5 41. Re2 a4 42. Rd2 Bd5 43. c4 Bxc4 44. Bh6 e3 45. fxe3 1-0